AP Literature Most Cited Quiz Stats

 Plays Quiz Updated Dec 10, 2018

Support Sporcle.
Go Orange.
Score 0/42 Timer 17:00
4 Plays Today
Times Cited Work of Literature % Correct
12The Great Gatsby
79.8%
15Moby-Dick
79.6%
13The Adventures of Huckleberry Finn
77.4%
18Wuthering Heights
65.4%
11The Scarlet Letter
64.5%
15Jane Eyre
59.8%
13Heart of Darkness
57.2%
15Crime and Punishment
57.1%
16Great Expectations
56.3%
11Catch-22
55.9%
7Death of a Salesman
50.7%
8The Jungle
50.2%
8Othello
48.9%
23Invisible Man
43.9%
8A Streetcar Named Desire
43.3%
8The Color Purple
42.7%
8Anna Karenina
42.2%
8Beloved
41.5%
12King Lear
41.3%
7The Crucible
39.8%
8Candide
35%
Times Cited Work of Literature % Correct
9Their Eyes Were Watching God
34.2%
8The Glass Menagerie
29.5%
11Portrait of the Artist as a Young Man
28.8%
9As I Lay Dying
28.3%
10The Awakening
26.2%
7Waiting for Godot
25.7%
7Madame Bovary
24.9%
8Antigone
20.6%
7A Passage to India
18.3%
9Song of Solomon
17.4%
7A Raisin in the Sun
17.1%
11Billy Budd
17.1%
8Native Son
16.9%
7Cry, The Beloved Country
13.1%
10Light in August
12.8%
7Lord Jim
12.2%
7Rosencrantz and Guildenstern Are Dead
11.7%
7Jude the Obscure
11.5%
7Sula
9.8%
10Ceremony
4.8%
8Bless Me, Ultima
4.5%

From the Vault

Find the US Catholic Provinces

by Tr4pD00r

We couldn't think of any good Catholic jokes. Nun of them are funny.
Remove Ads.
Support Sporcle.
Get the best of Sporcle when you Go Orange. This ad-free experience offers more features, more stats, and more fun while also helping to support Sporcle. Thank you for becoming a member.

Show Comments

Extras

Top Quizzes Today


Score Distribution

Your Account Isn't Verified!

In order to create a playlist on Sporcle, you need to verify the email address you used during registration. Go to your Sporcle Settings to finish the process.

Report this User

Report this user for behavior that violates our Community Guidelines.

Details: